000 01178cam a22003011i 4500
003 SA-RiAUC
005 20250724044402.0
008 250724s2003 su g b 000r0 ara c
020 _a9960442969
040 _aSA-RiAUC
_bara
_cSA-RiAUC
_erda
043 _aa-su---
082 0 4 _a953.122
_qSA-RiAUC
090 _a953.122
_bع ز ا
100 1 _aالعزامي، خليل إبراهيم ملا خاطر،
_d1357 هجري-
_eمؤلف.
245 1 2 _aالحب المتبادل /
_cتأليف خليل بن إبراهيم ملا خاطر العزامي.
250 _aالطبعة الأولى.
264 1 _aالمدينة المنورة :
_bدار القبلة للثقافة الإسلامية،
_c2003.
300 _a164 صفحة ؛
_c24 سم.
336 _aنص
_btxt
_2rdacontent
_3كتاب
337 _aبدون وسيط
_bn
_2rdamedia
338 _aمجلد
_bnc
_2rdacarrier
490 1 _aالمدرسة المدنية ؛
_v26
504 _aببليوجرافية : صفحة 149-154.
651 7 _aالمدينة المنورة
_xفضائل
_2aucsh
830 2 _aالمدرسة المدنية
_v26
942 _2ddc
_cBOOK
949 _aSA-JeALM
_d250724
_ukhaled123
_n1
999 _c10240
_d10240